000 00433nam a2200157Ia 4500
008 160316s2008 xxu||||| |||| 00| 0 eng d
082 _a343.096000
_bZEK
100 _aZekos Georgios I
245 _aInternational commercial and marine arbitration
250 _a
260 _aLondon
_bRoutledge
_c2008
300 _a536p
_b
_cxi
365 _b Rs. 6,545
650 _a1. Contracts - Maritime 2. Arbitration & Award
700 _a
_a
999 _c28506
_d28506